ბათუმის შოთა რუსთაველის სახელმწიფო უნივერსიტეტის ბიბლიოთეკა

Строительство и монтаж насосных и компрессорных станций магистральных трубопроводов. (ბიბ.ჩანაწერი № 38393)

000 -LEADER
fixed length control field 00843nam a2200217Ia 4500
001 - CONTROL NUMBER
control field 4403
003 - CONTROL NUMBER IDENTIFIER
control field GE_BSU
008 - FIXED-LENGTH DATA ELEMENTS--GENERAL INFORMATION
fixed length control field 181216s||||||||xx |||||||||||||| ||und||
040 ## - CATALOGING SOURCE
Transcribing agency GE_BSU
080 ## - UNIVERSAL DECIMAL CLASSIFICATION NUMBER
Universal Decimal Classification number 621.65/68+629
100 ## - MAIN ENTRY--PERSONAL NAME
Personal name Бердюк,В.В. Бородавкин,П.П. Галеев,В.Б.
245 ## - TITLE STATEMENT
Title Строительство и монтаж насосных и компрессорных станций магистральных трубопроводов.
245 ## - TITLE STATEMENT
Statement of responsibility, etc. Ред. А.Ф.Ушакова.
260 ## - PUBLICATION, DISTRIBUTION, ETC.
Place of publication, distribution, etc. М.
260 ## - PUBLICATION, DISTRIBUTION, ETC.
Name of publisher, distributor, etc. Изд-во "недра
260 ## - PUBLICATION, DISTRIBUTION, ETC.
Date of publication, distribution, etc. 1968.
300 ## - PHYSICAL DESCRIPTION
Extent 283 стр. 20 см.
300 ## - PHYSICAL DESCRIPTION
Accompanying material Табл.
653 ## - INDEX TERM--UNCONTROLLED
Uncontrolled term Строительство и монтаж насосных и компрессорных станций магистральных трубопроводов.
942 ## - ADDED ENTRY ELEMENTS (KOHA)
Koha item type წიგნი
ეგზემპლარები
Withdrawn status Lost status Damaged status Not for loan Date acquired Barcode Date last seen Price effective from Koha item type Public note
        2018-12-17 9370 2018-12-17 2018-12-17 წიგნი საცავი